LEADER 01017cam2 22002771 450 001 SOBE00019880 005 20111122100037.0 100 $a20111122d1823 |||||ita|0103 ba 101 $alat 102 $aIT 200 0 $a4 210 $aAugustae Taurinorum$cex typis viduae Pomba et filiorum$d1823 215 $a690 p.$d25 cm 225 2 $aCollectio latinorum scriptorum cum notis 410 1$1001SOBE00019441$12001 $a*Collectio latinorum scriptorum cum notis 461 1$1001SOBE00019866$12001 $a<>Comoediae quae exstant / ex recensione F.H. Bothe 700 1$aPlautus$b, Titus Maccius$3A600200032000$4070$0166580 801 0$aIT$bUNISOB$c20111122$gRICA 850 $aUNISOB 852 $aUNISOB$j090|Coll|1|K$m2783 912 $aSOBE00019880 940 $aM 103 Monografia antica SBN 941 $aW 957 $a090|Coll|1|K$b000021$i-4$fConsultabile previa autorizzazione$gNO$d2783$1bethb$2UNISOB$3UNISOB$420111122100045.0$520120405100153.0$6bethb 996 $a4$91720299 997 $aUNISOB LEADER 01323oam 2200433zu 450 001 9910140905403321 005 20241212220037.0 010 $a9781424487974 010 $a1424487978 035 $a(CKB)2670000000054088 035 $a(SSID)ssj0000452109 035 $a(PQKBManifestationID)12166060 035 $a(PQKBTitleCode)TC0000452109 035 $a(PQKBWorkID)10468296 035 $a(PQKB)10098403 035 $a(NjHacI)992670000000054088 035 $a(EXLCZ)992670000000054088 100 $a20160829d2010 uy 101 0 $aeng 135 $aur||||||||||| 181 $ctxt 182 $cc 183 $acr 200 10$a2010 First International Workshop on the Web and Requirements Engineering 210 31$a[Place of publication not identified]$cI E E E$d2010 215 $a1 online resource $cillustrations 300 $aBibliographic Level Mode of Issuance: Monograph 311 08$a9781424487981 311 08$a1424487986 320 $aIncludes bibliographical references. 606 $aRequirements engineering 615 0$aRequirements engineering. 676 $a658.5 702 $aIEEE Staff 801 0$bPQKB 906 $aPROCEEDING 912 $a9910140905403321 996 $a2010 First International Workshop on the Web and Requirements Engineering$92504548 997 $aUNINA